00788cam a22002537a 45000010009000000050017000090080041000260100017000670200015000840350023000990400018001220410008001400420014001480800011001620820019001731000006001921010008001982450089002065040051002959060045003469420012003919990017004039520114004201250380420180207032457.0010815s1999 okua bf 001 0 eng d a 2001272246 a1884735436 a(OCoLC)ocm43349066 aOMCcOMCdDLC aeng alccopycat a616.3300a616.33 ENG2211 a4 aSHM10aDiagnosis and management of bowel diseases /cPaul F. Engstrom ; Eric B. Goosenberg. aIncludes bibliographical references and index. a7bcbcccopycatd2encipf20gy-gencatlg 2ddccBK c41966d41966 00102udc40708PËKGa002b002cPËKGd2018-02-07l0o616.33 ENGp002-2998950r2018-02-07w2018-02-07yBK